| 000 | 00573nam a2200181Ia 4500 | ||
|---|---|---|---|
| 999 |
_c13943 _d13943 |
||
| 003 | OSt | ||
| 005 | 20260326192753.0 | ||
| 008 | 260210s9999 xx 000 0 und d | ||
| 020 | _a9781631592621 | ||
| 082 | _a745.4072 OGR | ||
| 100 | _aJenn Visocky O'Grady and Ken Visocky O'Grady | ||
| 245 | 2 | _aA Designer's Research Manual, 2nd edition, Updated and Expanded: Succeed in design by knowing your clients and understanding what they really need | |
| 250 | _a Illustrated | ||
| 260 | _bRockport Publishers | ||
| 260 | _c2017 | ||
| 300 | _a 208 pages | ||
| 942 |
_cRD _2ddc |
||